书目信息 |
| 题名: |
汽车的传动系
|
|
| 作者: | 刘世恺 编 | |
| 分册: | ||
| 出版信息: | 北京 人民交通出版社 1978 |
|
| 页数: | 242页 | |
| 开本: | 19cm | |
| 丛书名: | ||
| 单 册: | ||
| 中图分类: | U463.2 | |
| 科图分类: | ||
| 主题词: | 汽车-传动系 , 传动系-汽车 | |
| 电子资源: | ||
| ISBN: | ||
| 000 | 00591nam0 2200229 45 | |
| 001 | 0178004115 | |
| 005 | 20060725150504.62 | |
| 010 | @dCNY0.65 | |
| 091 | @aCN@b15044.4527 | |
| 100 | @a19950731d1978 em y0chiy0121 ea | |
| 101 | 0 | @achi |
| 102 | @aCN@b110000 | |
| 105 | @ay z 000yy | |
| 200 | 10 | @a汽车的传动系@Aqi che de chuan dong xi@f刘世恺编 |
| 210 | @a北京@c人民交通出版社@d1978 | |
| 215 | @a242页@d19cm | |
| 606 | @a汽车-传动系 | |
| 606 | @a传动系-汽车 | |
| 690 | @aU463.2@v3 | |
| 701 | 0 | @a刘世恺@Aliu shi kai@4编 |
| 801 | 0 | @aCN@bTSSF@c20060725 |
| 905 | @a10447@dU463.2@e104 | |
| 汽车的传动系/刘世恺编.-北京:人民交通出版社,1978 |
| 242页;19cm |
| ISBN :CNY0.65 |
| ● |
| 相关链接 |
|
|
|
|
正题名:汽车的传动系
索取号:U463.2/104
 
预约/预借
| 序号 | 登录号 | 条形码 | 馆藏地/架位号 | 状态 | 备注 |
| 1 | 0438101 | 204381016 | 密集书库/ [索取号:U463.2/104] | 在馆 | |
| 2 | 0438367 | 204383675 | 密集书库/ [索取号:U463.2/104] | 在馆 | |
| 3 | 0438512 | 204385129 | 密集书库/ [索取号:U463.2/104] | 在馆 |